| LEADER 00000nam a2200000Ia 4500 |
| 001 13399128673 |
| 003 ULIB |
| 008 150219s2557 th a 000 0 tha d |
| 020 ^a9786169138167
|
| 050 4 ^aHQ769^bว519ส 2557
|
| 100 0 ^aวิจารณ์ พานิช
|
| 245 10 ^aสอนเด็กให้เป็นคนดี /^cวิจารณ์ พานิช
|
| 250 ^aพิมพ์ครั้งที่ 1
|
| 260 ^aกรุงเทพฯ :^bมูลนิธิสยามกัมมาจล,^c2557
|
| 300 ^a143 หน้า :^bภาพประกอบ ;^c21 ซม.
|
| 650 0 ^aChild rearing
|
| 650 0 ^aChild development
|
| 650 4 ^aเด็ก^xการเลี้ยงดู
|
| 650 4 ^aพัฒนาการของเด็ก
|
| 856 ^zสอนเด็กให้เป็นคนดี (10043405).pdf (สารบัญหนังสือ)^uhttp://61.19.69.198/ULIB//_fulltext/Content ::/13399128673/20151125181233_1470.pdf |
| 999 ^aสุณิสา
|